| 000 | 01063nam a2200325Ia 4500 | ||
|---|---|---|---|
| 003 | OSt | ||
| 005 | 20221007121246.0 | ||
| 006 | a|||||r|||| 00| 0 | ||
| 007 | ta | ||
| 008 | 221006b |||||||| |||| 00| 0 eng d | ||
| 020 | _a9781118092446 (pbk) | ||
| 024 | _a187378 | ||
| 037 |
_b140, 29/10/2012, Jagmandar Book Agency _cTextual |
||
| 040 |
_aBDL _cBDL _beng |
||
| 041 |
_2eng _aeng |
||
| 082 | _aE9G, Q3 Carb | ||
| 100 | _aVoet Donald | ||
| 245 | 0 |
_aPrinciples of biochemistry _b Voet Judith G Pratt Charlotte W |
|
| 250 | _a4 | ||
| 260 |
_aHoboken _bJohn Wiley _c2013 |
||
| 300 |
_axxxii,1164p. ill. _ccm. |
||
| 500 | _aInclude bibliographical references.; Glossary G1-G23p.; Index I1-I43p. | ||
| 650 |
_a Metabolic reactions _9711179 |
||
| 650 |
_a Molecules _9711180 |
||
| 650 | _aBiochemistry | ||
| 700 | _a Pratt Charlotte W | ||
| 700 | _a Voet Judith G | ||
| 942 |
_hE9G, Q3 Carb _cTEXL _2CC |
||
| 999 |
_c1208624 _d1208624 |
||